Obchod zvyšuje zamestnanosť

Postavenie obchod z hľadiska zamestnanosti. Produktivita práce v obchode. Obchod - významný tvorca HDP a významný zamestnávateľ. Podiel obchodu na zamestnanosti a HDP.

Guardado en:
Detalles Bibliográficos
Autor principal: Hinková-Dibarborová, Andrea
Formato: Capítulo de libro
Lenguaje:eslovaco
Materias:
Etiquetas: Agregar Etiqueta
Sin Etiquetas, Sea el primero en etiquetar este registro!

MARC

LEADER 00000naa a2200000 4500
001 r045905
005 20231004094201.3
041 0 |a slo 
044 |a SK 
245 1 0 |a Obchod zvyšuje zamestnanosť  |c Andrea Hinková 
520 |a Postavenie obchod z hľadiska zamestnanosti. Produktivita práce v obchode. Obchod - významný tvorca HDP a významný zamestnávateľ. Podiel obchodu na zamestnanosti a HDP. 
610 2 0 |a obchod 
610 2 0 |a zamestnanosť 
610 2 0 |a produktivita práce 
610 2 0 |a produkt národný hrubý 
610 2 0 |a Slovensko 
100 1 |a Hinková-Dibarborová, Andrea